000 00233nam a2200097Ia 4500
008 120527s9999 xx 000 0 und d
100 _aUKA, K.
245 _aM.D YUSUF Beyond the cop
260 _bProfiles and Biographies
942 _cBK
999 _c25801
_d25801